00795nam a2200193 a 450000100100000000500170001000800410002702000150006804000250008308200150010810000450012324501100016826001260027830000190040450000670042350400300049053300610052070000200058100003763420201002031107.0121010s1997 sp 000 0 spa d a8472327604 aDO-SdBNPbspacBNPHU axxxxbxxxx1 aFrancisco de San Joséd1560-1614cFray10aArte y reglas de la lengua tagala /cFray Francisco de San José; estudio y edición de Antonio Quilis. aMadrid :bEdiciones de Cultura Hispánica, Agencia Española de Cooperación Internacional :bEdiciones UNESCO,c1997. a2 v. ;c20 cm. aVol. 1: Facsim. ed. of: Partido de Bataan : T.P. Tagalo, 1610. aBibliografía : p. 81-84 av.1, Facsímil:bPartido de Bataan :cT.P. Tagalod16101 aQuilis, Antonio